000 00880cam a22002777a 4500
003 CHAP
005 20220329134211.0
008 971013s1952 r 00010 d
010 _a16875
011 _a17847
035 _a21931
040 _cCHAP
082 _a574.87623
_bH83
100 0 0 _aHughes, Arthur.
_956785
245 1 4 _aThe mitotic cycle; the cytoplasm and nucleus during interphase mitosis
260 _aLondon :
_bButterworths Scientific Pub.,
_c1952
300 _a232 p.
_b: ilus.
590 _aBATCH-UPD
_b10
_c20130110
_lUCH01
_h2207
590 _aBATCH-UPD
_b10
_c20130409
_lUCH01
_h2108
590 _aBATCH-UPD
_b10
_c20130914
_lUCH01
_h1210
590 _aCONVERSION
_b10
_c20130109
_lUCH01
_h1310
650 1 4 _aDivisión celular (Biología)
_933029
901 _aBK
942 _cLIBRO
949 _a574.87623 H83
_bBC
_cLIBRO
_d33724000476628
_eLIBRO
_h28019
_i21931
_si
999 _c16875
_d16875